[Event "RUS-Cup01"]
[Site "Tomsk"]
[Date "2003.07.06"]
[Round "3"]
[White "Ivanov, Timur"]
[Black "Bragin, Aleksandr Borisovic"]
[Result "1-0"]
[WhiteElo "2454"]
[BlackElo "2255"]
[PlyCount "85"]
[EventDate "2003.07.04"]
[EventType "swiss"]
[EventRounds "9"]
[EventCountry "RUS"]
[SourceTitle "CBM 095 Extra"]
[Source "ChessBase"]
[SourceDate "2003.09.04"]
[SourceVersion "1"]
[SourceVersionDate "2003.09.04"]
[SourceQuality "1"]

1. d4 Nf6 2. c4 e6 3. g3 d5 4. Bg2 Be7 5. Nf3 0-0 6. 0-0 c6 7. Nbd2 b6 8. b3 Bb7 9. Bb2 Nbd7 10. Qc2 Rc8 11. e4 c5 12. exd5 exd5 13. dxc5 Bxc5 14. Rad1 Qc7 15. Qf5 dxc4 16. Nxc4 Be4 17. Qg5 h6 18. Qh4 Rfe8 19. Qh3 Qb7 20. Nd4 Bxg2 21. Qxg2 Qe4 22. Nb5 Qxg2+ 23. Kxg2 Re6 24. a4 a6 25. Nd4 Bxd4 26. Bxd4 Nc5 27. Be3 Nxa4 28. Nd6 Rc6 29. Nf5 Nc3 30. Rd8+ Kh7 31. Nd4 Ncd5 32. Bd2 Rc5 33. Nxe6 fxe6 34. Rc1 Rb5 35. b4 Nxb4 36. Bxb4 Rxb4 37. Rc7 a5 38. Ra8 Kg6 39. Raa7 Nh5 40. h3 Kf6 41. Rc6 Ke5 42. Re7 Kd5 43. Rexe6 1-0

[Event "Sibiria Region-ch"]
[Site "Novosibirsk"]
[Date "2003.??.??"]
[Round "5"]
[White "Ivanov, Timur"]
[Black "Bocharov, Dmitry"]
[Result "1-0"]
[WhiteElo "2433"]
[BlackElo "2574"]
[PlyCount "41"]
[EventDate "2003.05.??"]
[EventType "swiss"]
[EventRounds "9"]
[EventCountry "RUS"]
[SourceTitle "EXT 2008"]
[Source "ChessBase"]
[SourceDate "2007.11.25"]
[SourceVersion "1"]
[SourceVersionDate "2007.11.25"]
[SourceQuality "1"]

1. d4 Nf6 2. Nf3 e6 3. Bg5 c5 4. e3 Qb6 5. Nbd2 Qxb2 6. Bd3 Be7 7. 0-0 Qb6 8. e4 cxd4 9. e5 Nd5 10. Bxe7 Kxe7 11. Ng5 f6 12. Qh5 Rf8 13. Nxh7 Rg8 14. Nc4 Qc6 15. Nxf6 gxf6 16. Qh7+ Kf8 17. Nd6 Rxg2+ 18. Kh1 Rg7 19. Qh8+ Rg8 20. Qh6+ Rg7 21. Rg1 1-0

[Event "RUS-chT2"]
[Site "Novokuznetsk"]
[Date "2003.??.??"]
[Round "8"]
[White "Ivanov, Timur"]
[Black "Filimonov, Alexey"]
[Result "1/2-1/2"]
[WhiteElo "2429"]
[BlackElo "2257"]
[PlyCount "69"]
[EventDate "2003.??.??"]
[EventType "team"]
[EventRounds "9"]
[EventCountry "RUS"]
[SourceTitle "EXT 2005"]
[Source "ChessBase"]
[SourceDate "2004.11.15"]
[SourceVersion "1"]
[SourceVersionDate "2004.11.15"]
[SourceQuality "1"]

1. d4 Nf6 2. Bg5 g6 3. Bxf6 exf6 4. e3 Bg7 5. g3 f5 6. Bg2 d5 7. c3 c6 8. Ne2 b6 9. 0-0 0-0 10. Nd2 Ba6 11. Re1 Nd7 12. Rc1 Rc8 13. Qa4 Bb5 14. Qb3 Bxe2 15. Rxe2 Qe7 16. Ree1 Rfd8 17. Red1 Nf6 18. c4 dxc4 19. Nxc4 c5 20. Ne5 Ne4 21. Nf3 cxd4 22. Rxc8 Rxc8 23. Nxd4 Bxd4 24. exd4 Nd6 25. Qd3 f4 26. Bh3 Rc7 27. Bg2 fxg3 28. hxg3 h5 29. b3 h4 30. gxh4 Qxh4 31. Re1 Nf5 32. d5 Qf4 33. Rd1 Qd6 34. Bh3 Ne7 35. Qe4 1/2-1/2

[Event "RUS-chT2"]
[Site "Novokuznetsk"]
[Date "2003.??.??"]
[Round "1"]
[White "Ivanov, Timur"]
[Black "Filinberg, Dmitriy"]
[Result "1/2-1/2"]
[WhiteElo "2429"]
[BlackElo "2168"]
[PlyCount "132"]
[EventDate "2003.??.??"]
[EventType "team"]
[EventRounds "9"]
[EventCountry "RUS"]
[SourceTitle "EXT 2005"]
[Source "ChessBase"]
[SourceDate "2004.11.15"]
[SourceVersion "1"]
[SourceVersionDate "2004.11.15"]
[SourceQuality "1"]

1. d4 Nf6 2. Nf3 g6 3. c4 Bg7 4. Nc3 0-0 5. e4 d6 6. Be2 e5 7. 0-0 exd4 8. Nxd4 Re8 9. f3 c6 10. Kh1 d5 11. exd5 cxd5 12. c5 Nc6 13. Bg5 Nxd4 14. Qxd4 Ne4 15. Bxd8 Bxd4 16. fxe4 Bxc3 17. bxc3 Rxd8 18. exd5 Rxd5 19. Bc4 Rf5 20. Kg1 Bd7 21. Rab1 Rxf1+ 22. Rxf1 Be8 23. Bd5 Rc8 24. Bxb7 Rxc5 25. Rc1 Bb5 26. Kf2 Bc4 27. a3 Re5 28. Bf3 Kg7 29. Rb1 Ra5 30. Rb4 Be6 31. a4 Rc5 32. Rb7 a6 33. Rb6 Bc8 34. Rc6 Rxc6 35. Bxc6 Kf6 36. Ke3 Ke5 37. a5 f5 38. Bf3 g5 39. g3 f4+ 40. gxf4+ gxf4+ 41. Kf2 h6 42. h4 Kd6 43. Be2 Bb7 44. Bf3 Bc8 45. Be2 Bb7 46. Bf3 Bc6 47. Bxc6 Kxc6 48. Kf3 Kb5 49. Kxf4 Kxa5 50. Ke5 Kb6 51. Kd6 a5 52. c4 a4 53. c5+ Kb5 54. c6 a3 55. c7 a2 56. c8Q a1Q 57. Qc6+ Kb4 58. Qc5+ Kb3 59. Qd5+ Kc2 60. h5 Qf6+ 61. Kd7 Kc3 62. Ke8 Kb4 63. Qe4+ Kc5 64. Qg6 Qf4 65. Ke7 Kd5 66. Qe6+ Kd4 1/2-1/2

[Event "RUS-chT2"]
[Site "Novokuznetsk"]
[Date "2003.??.??"]
[Round "4"]
[White "Ivanov, Timur"]
[Black "Petrukhin, Denis"]
[Result "1/2-1/2"]
[WhiteElo "2429"]
[BlackElo "2336"]
[PlyCount "47"]
[EventDate "2003.??.??"]
[EventType "team"]
[EventRounds "9"]
[EventCountry "RUS"]
[SourceTitle "EXT 2005"]
[Source "ChessBase"]
[SourceDate "2004.11.15"]
[SourceVersion "1"]
[SourceVersionDate "2004.11.15"]
[SourceQuality "1"]

1. d4 Nf6 2. Nf3 g6 3. g3 Bg7 4. Bg2 d6 5. 0-0 0-0 6. Re1 Nbd7 7. e4 e5 8. Nc3 exd4 9. Nxd4 Nc5 10. h3 Re8 11. a4 a5 12. Ndb5 Bd7 13. Bg5 h6 14. Bc1 Bc6 15. f3 Qd7 16. Bf1 d5 17. Be3 Ne6 18. e5 Nh5 19. Bf2 d4 20. Nxd4 Nxd4 21. Qxd4 Qxd4 22. Bxd4 Rad8 23. Bf2 Bxf3 24. Re3 1/2-1/2

[Event "Sibiria Region-ch"]
[Site "Novosibirsk"]
[Date "2003.??.??"]
[Round "8"]
[White "Shomoev, Anton"]
[Black "Ivanov, Timur"]
[Result "1/2-1/2"]
[WhiteElo "2486"]
[BlackElo "2433"]
[PlyCount "85"]
[EventDate "2003.05.??"]
[EventType "swiss"]
[EventRounds "9"]
[EventCountry "RUS"]
[SourceTitle "EXT 2008"]
[Source "ChessBase"]
[SourceDate "2007.11.25"]
[SourceVersion "1"]
[SourceVersionDate "2007.11.25"]
[SourceQuality "1"]

1. e4 d6 2. d4 Nf6 3. Nc3 e5 4. Nf3 Nbd7 5. Bc4 Be7 6. 0-0 0-0 7. Re1 c6 8. a4 b6 9. b3 Bb7 10. Bb2 a6 11. Bd3 Re8 12. Ne2 Bf8 13. Ng3 b5 14. Qd2 h6 15. Rad1 Qc7 16. c4 bxc4 17. Bxc4 exd4 18. Nxd4 d5 19. exd5 cxd5 20. Bd3 Nc5 21. Bb1 Nce4 22. Qd3 Qf4 23. Rf1 Rac8 24. Nge2 Qe5 25. f3 Nc5 26. Qd2 Nxb3 27. Nxb3 Qxe2 28. Qxe2 Rxe2 29. Bd4 Ree8 30. Bd3 Bb4 31. Rb1 Bc3 32. Bf2 Ra8 33. Rfc1 Be5 34. a5 Bc8 35. Rc6 Nd7 36. Bf5 Nf8 37. Bxc8 Raxc8 38. Rc5 Rxc5 39. Nxc5 Bc3 40. Rb6 Bxa5 41. Rxa6 Bb4 42. Nd3 Be7 43. Ra5 1/2-1/2

[Event "Chalkidiki White Tower op"]
[Site "Chalkidiki"]
[Date "2000.10.08"]
[Round "6"]
[White "Ivanov, Timur"]
[Black "Navrotescu, Catalin"]
[Result "1-0"]
[WhiteElo "2425"]
[BlackElo "2447"]
[PlyCount "99"]
[EventDate "2000.10.03"]
[EventType "swiss"]
[EventRounds "7"]
[EventCountry "GRE"]
[SourceTitle "EXT 2001"]
[Source "ChessBase"]
[SourceDate "2000.11.22"]
[SourceVersion "1"]
[SourceVersionDate "2000.11.22"]
[SourceQuality "1"]

1. Nf3 g6 2. c4 Bg7 3. Nc3 e5 4. d4 exd4 5. Nxd4 Nf6 6. e4 0-0 7. Be2 Re8 8. f3 c6 9. Bg5 h6 10. Bh4 d6 11. Rb1 Nbd7 12. 0-0 Ne5 13. Kh1 g5 14. Bf2 Nh5 15. b4 Nf4 16. Rc1 Qf6 17. Qd2 a5 18. bxa5 Rxa5 19. Nd5 cxd5 20. Qxa5 Ned3 21. Bxd3 Nxd3 22. Rcd1 dxe4 23. Bg1 Nf4 24. fxe4 Rxe4 25. Rde1 Rxe1 26. Rxe1 Kh7 27. Qc7 Bg4 28. Qxb7 Bh5 29. Qe7 Nd3 30. Qxf6 Bxf6 31. Rf1 Be5 32. Nf3 Bb2 33. Bd4 Ba3 34. Rb1 Bg6 35. Rb3 Bc1 36. a4 Be4 37. Kg1 g4 38. Nh4 Bg5 39. g3 Nc1 40. Rb2 Bd3 41. Kg2 Ne2 42. Ba7 Bxc4 43. Nf5 Bd5+ 44. Kf1 Nc3 45. a5 Bc4+ 46. Kg1 Ne4 47. Be3 Bd8 48. Rb4 d5 49. Rxc4 dxc4 50. a6 1-0